Normal view
MARC view
- Sallam, A. A
Entry Personal Name
001 - CONTROL NUMBER
- control field: 115687
003 - CONTROL NUMBER IDENTIFIER
- control field: NUST
005 - DATE AND TIME OF LATEST TRANSACTION
- control field: 20230912165459.0
008 - FIXED-LENGTH DATA ELEMENTS
- fixed length control field: 230912|| aca||aabn | a|a d
040 ## - CATALOGING SOURCE
- Original cataloging agency: NUST
- Transcribing agency: NUST
100 ## - HEADING--PERSONAL NAME
- Personal name: Sallam, A. A
670 ## - SOURCE DATA FOUND
- Source citation: Work cat.: (NUST): Sallam, A. A., Electric distribution systems /, 2019
